| 000 | 00467nam a2200169 4500 | ||
|---|---|---|---|
| 001 | VA32856 | ||
| 003 | ES-SlBCS | ||
| 005 | 20220316011010.0 | ||
| 008 | 140520s1982 xxu||||| |||| 00| 0 spa d | ||
| 041 | _aspa | ||
| 100 | 1 |
_aCruz Cruz, Juan _93136 |
|
| 245 | 1 | 0 |
_aIntelecto y razón _b:Las Coordenadas del Pensamiento Griego _cJuan Cruz Cruz |
| 260 |
_aPamplona : _bEunsa _c, 1982 |
||
| 300 |
_a196 p.; _c21 cm |
||
| 650 | 0 | 4 |
_aPensamiento Clásico _9184165 |
| 942 | _cBK | ||
| 999 |
_c824208 _d824208 |
||